[Event "Candidates FED U16 Online"]
[Site "chess.com INT"]
[Date "2020.04.18"]
[Round "2.1"]
[Board "4"]
[White "Roebers, Eline"]
[Black "Assaubayeva, Bibisara"]
[Result "0-1"]
[BlackTitle "FM"]
[WhiteElo "2066"]
[BlackElo "2364"]
[WhiteTeam "NED"]
[BlackTeam "FIDE"]
[WhiteFideId "1058401"]
[BlackFideId "13708694"]
[EventDate "2020.04.18"]
[EventType "team (rapid)"]

1. e4 c5 2. Nf3 d6 3. d4 cxd4 4. Nxd4 Nf6 5. Nc3 a6 6. h3 e5 7. Nb3 Be6 8. f4 g6
9. fxe5 Nh5 10. Be3 Be7 11. exd6 Bxd6 12. Qd4 Bg3+ 13. Bf2 O-O 14. O-O-O Nc6 15.
Qxd8 Raxd8 16. Bxg3 Nxg3 17. Rg1 Nb4 18. a3 Rxd1+ 19. Nxd1 Rc8 20. axb4 Bxb3 21.
Nc3 Bc4 22. Bxc4 Rxc4 23. Re1 Rxb4 24. Re3 Nh5 25. Nd5 Ra4 26. b3 Ra1+ 27. Kb2
Rf1 28. e5 Kg7 29. g4 Nf4 30. Nf6 Rh1 31. Re4 Nxh3 32. Rc4 Re1 33. Rc5 Ng5 34.
Rd5 Nf3 35. Ne8+ Kf8 36. Nd6 Rxe5 37. Rd3 Nh2 38. Rh3 Nxg4 39. Rxh7 Re7 40. Rh8+
Kg7 41. Rb8 b5 42. Rb6 f5 43. Rxa6 f4 44. Nxb5 f3 45. Ra1 f2 46. Rf1 Re1 0-1

[Event "Candidates FED U16 Online"]
[Site "chess.com INT"]
[Date "2020.04.18"]
[Round "2.1"]
[Board "5"]
[White "Hernandez Gil, Ineymig"]
[Black "Huang, Wendy"]
[Result "1-0"]
[WhiteTitle "WFM"]
[WhiteElo "2348"]
[BlackElo "1860"]
[WhiteTeam "FIDE"]
[BlackTeam "NED"]
[WhiteFideId "3526216"]
[BlackFideId "1060724"]
[EventDate "2020.04.18"]
[EventType "team (rapid)"]

1. e4 c5 2. Nf3 Nc6 3. c3 d5 4. exd5 Qxd5 5. d4 cxd4 6. cxd4 e6 7. Nc3 Bb4 8.
Be2 Nf6 9. O-O Bxc3 10. bxc3 O-O 11. c4 Qd6 12. Rb1 b6 13. Qd3 Rd8 14. Ba3 Qd7
15. Rfd1 Ba6 16. Qe3 Rac8 17. Ne5 Qc7 18. Nxc6 Qxc6 19. d5 exd5 20. cxd5 Nxd5
21. Rxd5 Qxd5 22. Bxa6 Rc2 23. Re1 h6 24. h3 Rxa2 25. Bf1 Rd2 26. Be7 Rc8 27.
Qg3 Qf5 28. Be2 Rcc2 29. Bf3 Rc8 30. Bg4 Qc2 31. Bxc8 Qxc8 32. Bf6 g6 33. Qe3
Rd8 34. Qxh6 1-0

[Event "Candidates FED U16 Online"]
[Site "chess.com INT"]
[Date "2020.04.18"]
[Round "2.2"]
[Board "1"]
[White "Hong, Andrew"]
[Black "Maurizzi, Marc Andria"]
[Result "1-0"]
[WhiteTitle "IM"]
[BlackTitle "IM"]
[WhiteElo "2444"]
[BlackElo "2433"]
[WhiteTeam "USA"]
[BlackTeam "FRA"]
[WhiteFideId "2099438"]
[BlackFideId "36083534"]
[EventDate "2020.04.18"]
[EventType "team (rapid)"]

1. e4 c5 2. Nf3 Nc6 3. d4 cxd4 4. Nxd4 Nf6 5. Nc3 e5 6. Ndb5 d6 7. Nd5 Nxd5 8.
exd5 Ne7 9. c4 Ng6 10. h4 h5 11. Qa4 Bd7 12. Qb4 Bf5 13. Qa4 Bd7 14. Qb4 Bf5 15.
Bg5 Qb8 16. Be2 a6 17. Nc3 Qc7 18. g3 Be7 19. Be3 Rc8 20. Rc1 Bd7 21. Bb6 Qb8
22. Ne4 f5 23. Ng5 Bxg5 24. hxg5 h4 25. Kd2 Kf7 26. gxh4 Nf4 27. h5 Nxe2 28.
Kxe2 f4 29. g6+ Kf6 30. c5 Bg4+ 31. f3 Bxh5 32. cxd6 Rxc1 33. Rxc1 Bxg6 34. d7
Rh2+ 35. Ke1 Rh1+ 36. Kd2 Rh2+ 37. Kc3 Rd2 38. d8=Q+ 1-0

[Event "Candidates FED U16 Online"]
[Site "chess.com INT"]
[Date "2020.04.18"]
[Round "2.2"]
[Board "2"]
[White "Razafindratsima, Timothe"]
[Black "Yoo, Christopher Woojin"]
[Result "0-1"]
[WhiteTitle "FM"]
[BlackTitle "IM"]
[WhiteElo "2336"]
[BlackElo "2455"]
[WhiteTeam "FRA"]
[BlackTeam "USA"]
[WhiteFideId "36069884"]
[BlackFideId "30909694"]
[EventDate "2020.04.18"]
[EventType "team (rapid)"]

1. e4 c5 2. Nf3 e6 3. d4 cxd4 4. Nxd4 Nf6 5. Nc3 Nc6 6. Ndb5 Bc5 7. Bf4 O-O 8.
Bc7 Qe7 9. Bd6 Bxd6 10. Qxd6 Qd8 11. O-O-O Ne8 12. Qd2 a6 13. Nd6 Nxd6 14. Qxd6
b5 15. h4 Qa5 16. Kb1 Bb7 17. Rh3 b4 18. Ne2 Ne5 19. Nc1 Rfc8 20. f4 Bxe4 21.
fxe5 Bxc2+ 22. Ka1 Bxd1 23. Qxd1 Qxe5 24. Nd3 Qd4 25. Be2 Rc7 26. Kb1 Rac8 27.
Rg3 e5 28. Bh5 e4 29. Qf1 exd3 30. Qxf7+ Kh8 31. a4 d2 32. Ka2 Qc4+ 33. Qxc4
Rxc4 34. Rd3 Rxh4 35. Bf3 Rb8 36. Rxd2 b3+ 37. Ka3 Rbb4 38. Rxd7 Rxa4+ 39. Kxb3
Rab4+ 40. Kc3 Rhc4+ 41. Kd3 Rc8 42. Ra7 Rb6 43. b4 Rd6+ 44. Ke3 Re8+ 45. Kf2 Rb8
46. Re7 Rdd8 47. Re4 Rb6 48. Be2 Rdb8 49. Re5 g6 50. Ra5 Kg7 51. Bxa6 Rxb4 52.
Be2 Rb2 53. Ra7+ Kf6 54. Kf1 Rc8 0-1

[Event "Candidates FED U16 Online"]
[Site "chess.com INT"]
[Date "2020.04.18"]
[Round "2.2"]
[Board "3"]
[White "Shlyakhtenko, Robert"]
[Black "Boyer, Mahel"]
[Result "1-0"]
[WhiteTitle "FM"]
[BlackTitle "FM"]
[WhiteElo "2342"]
[BlackElo "2294"]
[WhiteTeam "USA"]
[BlackTeam "FRA"]
[WhiteFideId "30936934"]
[BlackFideId "45102422"]
[EventDate "2020.04.18"]
[EventType "team (rapid)"]

1. d4 Nf6 2. Nf3 e6 3. e3 d5 4. Bd3 Bd6 5. O-O O-O 6. Nbd2 c5 7. c3 Nbd7 8. Re1
Qc7 9. e4 dxe4 10. Nxe4 Nxe4 11. Rxe4 Re8 12. Rh4 f5 13. Qb3 Qb6 14. Bxf5 Qxb3
15. Bxh7+ Kf7 16. axb3 g6 17. Bh6 Nf8 18. Ng5+ Ke7 19. Bxf8+ Rxf8 20. Bxg6 Kf6
21. Ne4+ Kxg6 22. Nxd6 cxd4 23. Rxd4 e5 24. Rd3 Be6 25. Rg3+ Kf6 26. Ne4+ Ke7
27. b4 Bd5 28. Rg5 Ke6 29. Re1 Rae8 30. f3 Rg8 31. Rxg8 Rxg8 32. h4 Kf5 33. Kf2
Rh8 34. g4+ Kf4 35. h5 b6 36. Re3 a5 37. bxa5 bxa5 38. Ng3 Rb8 39. Ne2+ 1-0

[Event "Candidates FED U16 Online"]
[Site "chess.com INT"]
[Date "2020.04.18"]
[Round "2.2"]
[Board "4"]
[White "Tomasi, Elise"]
[Black "Samadashvili, Martha"]
[Result "1-0"]
[BlackTitle "WFM"]
[WhiteElo "2030"]
[BlackElo "2215"]
[WhiteTeam "FRA"]
[BlackTeam "USA"]
[WhiteFideId "26088843"]
[BlackFideId "2097478"]
[EventDate "2020.04.18"]
[EventType "team (rapid)"]

1. d4 Nf6 2. Nf3 d5 3. g3 e6 4. Bg2 Be7 5. O-O O-O 6. c4 c6 7. Qc2 b6 8. Nbd2
Bb7 9. e4 Na6 10. cxd5 cxd5 11. e5 Rc8 12. Qb3 Ne4 13. a3 Nb8 14. h4 Nc6 15. Qe3
Nxd2 16. Bxd2 Na5 17. Bxa5 bxa5 18. Rac1 Qb6 19. Qd2 Ba6 20. Rxc8 Rxc8 21. Rc1
Rb8 22. Rc2 a4 23. Qc1 h6 24. Rc6 Qa5 25. Kh2 Bc4 26. Nd2 Qb5 27. Rc7 Bd8 28.
Rc5 Qxb2 29. Qxb2 Rxb2 30. Nxc4 dxc4 31. Rc8 Rxf2 32. Rxd8+ Kh7 33. Kg1 Ra2 34.
Rc8 Rxa3 35. Rxc4 h5 36. Kf2 Kg6 37. Be4+ Kh6 38. Rc7 Ra2+ 39. Ke3 Ra3+ 40. Bd3
g6 41. Rxf7 Ra1 42. Rxa7 a3 43. Kd2 a2 44. Bc4 Rg1 45. Bxa2 Rxg3 46. Bxe6 g5 47.
hxg5+ Rxg5 48. Ke3 h4 49. Ra8 Rg3+ 50. Ke4 1-0

[Event "Candidates FED U16 Online"]
[Site "chess.com INT"]
[Date "2020.04.18"]
[Round "2.2"]
[Board "5"]
[White "Wu, Rochelle"]
[Black "Sumarriva Paulin, Laura"]
[Result "1-0"]
[WhiteTitle "WIM"]
[BlackTitle "WFM"]
[WhiteElo "2028"]
[BlackElo "2023"]
[WhiteTeam "USA"]
[BlackTeam "FRA"]
[WhiteFideId "30908132"]
[BlackFideId "45102635"]
[EventDate "2020.04.18"]
[EventType "team (rapid)"]

1. e4 e6 2. d4 d5 3. Nc3 Nf6 4. Bg5 Be7 5. e5 Nfd7 6. h4 h6 7. Bxe7 Qxe7 8. f4
a6 9. Qd2 c5 10. Nf3 Nc6 11. O-O-O b5 12. g4 cxd4 13. Nxd4 Bb7 14. Nxc6 Bxc6 15.
Qd4 b4 16. Ne2 O-O 17. Bg2 a5 18. Ng3 Rac8 19. g5 Qc5 20. Qd2 Ba4 21. b3 Bb5 22.
gxh6 gxh6 23. Ne2 Bxe2 24. Qxe2 Qc3 25. Kb1 a4 26. Rd3 Qc5 27. f5 axb3 28. cxb3
exf5 29. Rg3+ Kh7 30. Bh3 Rg8 31. Bxf5+ Kh8 32. Rxg8+ Rxg8 33. Bxd7 Qc3 34. Rc1
Qd4 35. Bb5 Qf4 36. Bd3 d4 37. Bc2 Qxh4 38. Qd3 Rg7 39. Bd1 Qg5 40. Rc8+ Rg8 41.
Rxg8+ Kxg8 42. Qxd4 Qf5+ 43. Bc2 Qf3 44. Qd8+ Kg7 45. Qd6 Qf1+ 46. Kb2 Qf3 47.
Qd4 Qf4 48. Qxf4 1-0

[Event "Candidates FED U16 Online"]
[Site "chess.com INT"]
[Date "2020.04.18"]
[Round "2.3"]
[Board "1"]
[White "Huang, Renjie"]
[Black "Murzin, Volodar"]
[Result "1/2-1/2"]
[BlackTitle "IM"]
[WhiteElo "2422"]
[BlackElo "2465"]
[WhiteTeam "CHN"]
[BlackTeam "RUS"]
[WhiteFideId "8610134"]
[BlackFideId "44155573"]
[EventDate "2020.04.18"]
[EventType "team (rapid)"]

1. e4 g6 2. d4 Bg7 3. Nf3 d6 4. Nc3 Nd7 5. Be2 e5 6. O-O Ngf6 7. Re1 O-O 8. dxe5
dxe5 9. Bc4 c6 10. a4 Qc7 11. Qe2 Nc5 12. b4 Ne6 13. Qf1 Nd4 14. Qd3 Rd8 15.
Nxd4 Rxd4 16. Qf1 a5 17. Be3 Ng4 18. h3 Nxe3 19. fxe3 Rd8 20. b5 Qe7 21. Rad1
Be6 22. Bxe6 Qxe6 23. bxc6 bxc6 24. Rxd8+ Rxd8 25. Qa6 Rd2 26. Re2 Rxe2 27. Nxe2
Bh6 28. Qxa5 Bxe3+ 29. Kh2 Qf6 30. Qe1 Qd6 31. Qc3 Ba7 32. a5 h5 33. Kg3 Qd1 34.
Qxc6 Qe1+ 35. Kh2 Qxa5 36. c4 Kg7 37. Qd5 Qxd5 38. cxd5 Kf6 39. Kg3 Ke7 40. Kf3
Bc5 41. Nc3 Bb4 42. Nb5 f5 43. Na7 Kf6 44. Nc8 Bc5 45. d6 Ke6 46. Ne7 Bxd6 47.
Nxg6 Kf6 48. Nh4 fxe4+ 49. Kxe4 Bb4 50. Nf3 Bc3 51. g4 hxg4 52. hxg4 Kg6 53. g5
Bb2 54. Nxe5+ Bxe5 55. Kxe5 Kxg5 1/2-1/2

[Event "Candidates FED U16 Online"]
[Site "chess.com INT"]
[Date "2020.04.18"]
[Round "2.3"]
[Board "2"]
[White "Pogosyan, Stefan"]
[Black "Zhu, Hengyi"]
[Result "1-0"]
[WhiteTitle "IM"]
[WhiteElo "2442"]
[BlackElo "2202"]
[WhiteTeam "RUS"]
[BlackTeam "CHN"]
[WhiteFideId "34159867"]
[BlackFideId "8611211"]
[EventDate "2020.04.18"]
[EventType "team (rapid)"]

1. Nf3 c5 2. b3 Nc6 3. Bb2 d6 4. c4 e5 5. Nc3 g6 6. g3 Bg7 7. d3 Nge7 8. Bg2 O-O
9. O-O h6 10. a3 Be6 11. b4 cxb4 12. axb4 Nxb4 13. Ba3 Nbc6 14. Nd2 Re8 15. Nde4
Nc8 16. Qb3 Qd7 17. Nd5 Bxd5 18. cxd5 Nd4 19. Qd1 f5 20. Nc3 Nb5 21. Qa4 a6 22.
Nxb5 Qxb5 23. Qxb5 axb5 24. e4 fxe4 25. Bxe4 g5 26. Rfb1 Ra5 27. Bb4 Ra4 28. Bc3
Rxa1 29. Rxa1 Nb6 30. Bb4 Bf8 31. Ra5 Rb8 32. Rxb5 Nc8 33. Bf5 Na7 34. Ra5 Nc8
35. Be6+ Kg7 36. Rb5 Na7 37. Rb6 Kf6 38. Bc3 Ke7 39. f4 gxf4 40. gxf4 exf4 41.
Rb4 Kd8 42. Rxf4 Kc7 43. Rf7+ Kb6 44. Bd4+ Ka6 45. Rf1 b6 46. Ra1+ Kb7 47. Rb1
Ka6 48. Bd7 Be7 49. Kg2 Bg5 50. Kf3 Bd2 51. Ke4 1-0

[Event "Candidates FED U16 Online"]
[Site "chess.com INT"]
[Date "2020.04.18"]
[Round "2.3"]
[Board "3"]
[White "Zhang, Di"]
[Black "Makarian, Rudik"]
[Result "1/2-1/2"]
[BlackTitle "IM"]
[WhiteElo "2108"]
[BlackElo "2442"]
[WhiteTeam "CHN"]
[BlackTeam "RUS"]
[WhiteFideId "8616590"]
[BlackFideId "44105681"]
[EventDate "2020.04.18"]
[EventType "team (rapid)"]

1. Nf3 Nf6 2. c4 g6 3. g3 Bg7 4. Bg2 O-O 5. O-O d6 6. d4 Nc6 7. d5 Na5 8. Nbd2
c5 9. e4 e5 10. dxe6 Bxe6 11. b3 a6 12. Bb2 b5 13. Qc2 Rb8 14. Bc3 Nd7 15. Bxg7
Kxg7 16. cxb5 axb5 17. Rfd1 Qf6 18. Rac1 Nc6 19. a4 Rfd8 20. axb5 Rxb5 21. Nc4
Bxc4 22. Qxc4 Rb4 23. Qd5 Nde5 24. Nxe5 dxe5 25. Qxc5 Rxb3 26. Rd5 Nd4 27. Rf1
Re8 28. Qc4 Rb2 29. Rd7 Qe6 30. Qd5 Rc8 31. Qxe6 Nxe6 32. h4 Rcc2 33. Rd5 Kf6
34. Bh3 Nd4 35. Kg2 Rd2 36. Rd6+ Ke7 37. Rd7+ Kf6 38. Rd6+ Kg7 39. Rd5 Nc6 40.
Rxd2 Rxd2 41. Kf3 Nd4+ 42. Ke3 Ra2 43. f4 Ra3+ 44. Kf2 Ra2+ 45. Ke3 Ra3+ 46. Kf2
exf4 47. Bg2 Rxg3 48. Rd1 Ne6 49. Bf3 Rh3 50. Rd7 Rxh4 51. Kg2 Kf6 52. e5+ Kxe5
53. Rxf7 Ng5 54. Re7+ Kf6 55. Ra7 Nxf3 56. Kxf3 Kg5 57. Ra5+ Kh6 58. Ra6 Kh5 59.
Ra7 h6 60. Kg2 g5 61. Ra3 Rg4+ 62. Kh2 Rg3 63. Ra2 Kg4 64. Rf2 h5 65. Rf1 h4 66.
Rf2 h3 67. Kh1 Ra3 68. Rf1 Kh4 69. Rg1 g4 70. Rf1 g3 71. Rxf4+ Kg5 72. Rf1 g2+
73. Kh2 gxf1=Q 1/2-1/2

[Event "Candidates FED U16 Online"]
[Site "chess.com INT"]
[Date "2020.04.18"]
[Round "2.3"]
[Board "4"]
[White "Garifullina, Leya"]
[Black "Ning, Kaiyu"]
[Result "1-0"]
[WhiteTitle "WGM"]
[BlackTitle "WIM"]
[WhiteElo "2357"]
[BlackElo "2327"]
[WhiteTeam "RUS"]
[BlackTeam "CHN"]
[WhiteFideId "34127035"]
[BlackFideId "8614750"]
[EventDate "2020.04.18"]
[EventType "team (rapid)"]

1. e4 e6 2. d4 d5 3. Nc3 Nf6 4. Bg5 dxe4 5. Nxe4 Be7 6. Bxf6 gxf6 7. Qd2 a6 8.
O-O-O f5 9. Nc3 b5 10. d5 e5 11. Kb1 Qd6 12. h3 Nd7 13. g4 b4 14. Nce2 Nf6 15.
gxf5 Bxf5 16. Ng3 Bg6 17. Bc4 h5 18. h4 Rd8 19. Nf3 Ng4 20. Qe2 Kf8 21. Ng5 Bxg5
22. hxg5 Qc5 23. Rhf1 a5 24. Bd3 Kg7 25. Bxg6 fxg6 26. Ne4 Qb6 27. Rd3 c5 28.
dxc6 Rxd3 29. Qxd3 Rd8 30. Qe2 a4 31. Re1 a3 32. f3 Ne3 33. c7 Qxc7 34. Qxe3 Rc8
35. Qb3 axb2 36. Qxb2 Rd8 37. Nf2 Rd4 38. Nd3 h4 39. Nxe5 Qc3 40. Qxc3 bxc3 41.
Nd3 Rd5 42. f4 Rb5+ 43. Ka1 Rb8 44. Rh1 Rh8 45. Rh3 Kf7 46. Ne5+ Kg7 47. a3 Ra8
48. Ka2 Rb8 49. Rxc3 Rb7 50. Rh3 Rc7 51. Kb2 Rc8 52. Rxh4 1-0

[Event "Candidates FED U16 Online"]
[Site "chess.com INT"]
[Date "2020.04.18"]
[Round "2.3"]
[Board "5"]
[White "Song, Yuxin"]
[Black "Nur-Mukhametova, Alisa"]
[Result "0-1"]
[WhiteTitle "WIM"]
[WhiteElo "2290"]
[BlackElo "2262"]
[WhiteTeam "CHN"]
[BlackTeam "RUS"]
[WhiteFideId "8614300"]
[BlackFideId "54117739"]
[EventDate "2020.04.18"]
[EventType "team (rapid)"]

1. e4 c5 2. Nc3 e6 3. g3 Nc6 4. Bg2 d6 5. Nge2 Nf6 6. O-O Be7 7. d4 cxd4 8. Nxd4
O-O 9. Be3 Bd7 10. f4 a6 11. a4 Qc7 12. Qe2 Rac8 13. Nxc6 Bxc6 14. Rfd1 Rfe8 15.
Bf3 Bf8 16. Qf2 Nd7 17. Rd2 b5 18. axb5 axb5 19. Ne2 Nc5 20. Qg2 Qb7 21. Bxc5
dxc5 22. Kf2 Ra8 23. Rxa8 Rxa8 24. e5 Bxf3 25. Qxf3 Qxf3+ 26. Kxf3 Ra2 27. b3 b4
28. Nc1 Ra1 29. Nd3 Rb1 30. Nf2 Be7 31. Ke4 Kf8 32. Kd3 Ke8 33. Kc4 Re1 34. Kb5
g5 35. Nd3 Re4 36. Rf2 gxf4 37. gxf4 Rd4 38. Rg2 Kf8 39. Rg1 c4 40. bxc4 b3 41.
Nb4 Bxb4 42. Kxb4 bxc2 43. Rc1 Ke7 44. Rxc2 Kd7 0-1

[Event "Candidates FED U16 Online"]
[Site "chess.com INT"]
[Date "2020.04.18"]
[Round "3.1"]
[Board "1"]
[White "Murzin, Volodar"]
[Black "Nihal, Sarin"]
[Result "1/2-1/2"]
[WhiteTitle "IM"]
[BlackTitle "GM"]
[WhiteElo "2465"]
[BlackElo "2620"]
[WhiteTeam "RUS"]
[BlackTeam "FIDE"]
[WhiteFideId "44155573"]
[BlackFideId "25092340"]
[EventDate "2020.04.18"]
[EventType "team (rapid)"]

1. d4 Nf6 2. Nf3 d5 3. Bf4 c5 4. e3 Nc6 5. Nbd2 e6 6. c3 cxd4 7. exd4 Nh5 8. Bg3
g6 9. Bb5 Bd7 10. O-O Nxg3 11. fxg3 Bg7 12. Kh1 O-O 13. Qe2 Qb6 14. Rab1 Rad8
15. Bd3 Qc7 16. Rbe1 Rde8 17. Ne5 Nxe5 18. dxe5 f6 19. exf6 Bxf6 20. c4 Bxb2 21.
Rxf8+ Rxf8 22. cxd5 exd5 23. Nf3 Bf6 24. Qd1 Bc6 25. Qb1 Kg7 26. g4 Qf4 27. Bb5
Qxg4 28. Bxc6 bxc6 29. Qb7+ Rf7 30. Qxc6 Qc4 31. Qe8 Qxa2 32. h4 Qc4 33. h5 gxh5
34. Rd1 a5 35. Qe3 Re7 36. Qd2 a4 37. Rc1 Qe4 38. Re1 Qf5 39. Rxe7+ Bxe7 40.
Qd4+ Bf6 41. Qxa4 Qe4 42. Qd7+ Kg6 43. Qc8 d4 44. Qg8+ Kh6 45. Qf8+ Kg6 46. Qg8+
Bg7 47. Qc4 Qe3 48. Qc6+ Bf6 49. Nh4+ Kg5 50. Nf3+ Kg6 51. Nh4+ Kf7 52. Qd5+ Qe6
53. Qxh5+ Kg8 54. Nf3 d3 55. Qb5 Qe2 56. Qd5+ Kg7 57. Qd7+ Kg6 58. Qg4+ Kf7 59.
Qd7+ Kf8 60. Qc8+ Ke7 61. Qc7+ Ke6 62. Qc6+ Kf5 63. Qd7+ Kg6 64. Qg4+ Kh6 65.
Qf4+ Kg7 66. Qg4+ Kf8 67. Qc8+ Qe8 68. Qc5+ Qe7 69. Qc8+ Qd8 70. Qxd8+ Bxd8 71.
Kg1 Bb6+ 72. Kf1 Kg7 73. Ke1 Ba5+ 74. Kf2 Bb6+ 75. Ke1 Be3 76. Ne5 d2+ 77. Ke2
Bf4 78. Nf3 Kg6 79. Nxd2 Bxd2 80. Kxd2 Kg5 81. Ke2 Kg4 82. Kf2 h5 83. Kg1 h4 84.
Kh1 h3 85. gxh3+ Kxh3 1/2-1/2

[Event "Candidates FED U16 Online"]
[Site "chess.com INT"]
[Date "2020.04.18"]
[Round "3.1"]
[Board "2"]
[White "Abdusattorov, Nodirbek"]
[Black "Pogosyan, Stefan"]
[Result "1-0"]
[WhiteTitle "GM"]
[BlackTitle "IM"]
[WhiteElo "2627"]
[BlackElo "2442"]
[WhiteTeam "FIDE"]
[BlackTeam "RUS"]
[WhiteFideId "14204118"]
[BlackFideId "34159867"]
[EventDate "2020.04.18"]
[EventType "team (rapid)"]

1. e4 Nc6 2. d4 d5 3. e5 Bf5 4. c3 e6 5. Bd3 Nge7 6. f4 Qd7 7. Nf3 f6 8. O-O
fxe5 9. fxe5 O-O-O 10. Be3 h6 11. Nh4 Bxd3 12. Qxd3 g5 13. Ng6 Nxg6 14. Qxg6 Ne7
15. Qd3 Qe8 16. Nd2 Bg7 17. Nb3 Nf5 18. a4 Qc6 19. Bd2 Rhf8 20. Nc5 Kb8 21. b4
b6 22. b5 Qe8 23. Na6+ Kb7 24. a5 Qg6 25. axb6 axb6 26. Nxc7 Rc8 27. Na6 Nh4 28.
Qxg6 Nxg6 29. Nb4 Ra8 30. Rxa8 Kxa8 31. Nc6 Rxf1+ 32. Kxf1 Nf8 33. g4 Kb7 34.
Ke2 Kc7 35. Kd3 Ng6 36. c4 dxc4+ 37. Kxc4 Kd7 38. Kd3 Bf8 39. Ke4 Ba3 40. d5 Bc5
41. d6 Bg1 42. h3 Bc5 43. Nb8+ Kc8 44. Na6 Ba3 45. Nc7 Kd7 46. Bc3 Bc5 47. Na6
Bg1 48. Bd2 Bh2 49. Nb8+ Kc8 50. Nc6 Kd7 51. Be3 Nf4 52. Bxb6 Nxh3 53. Nb8+ Kc8
54. d7+ 1-0

[Event "Candidates FED U16 Online"]
[Site "chess.com INT"]
[Date "2020.04.18"]
[Round "3.1"]
[Board "3"]
[White "Makarian, Rudik"]
[Black "Keymer, Vincent"]
[Result "0-1"]
[WhiteTitle "IM"]
[BlackTitle "GM"]
[WhiteElo "2442"]
[BlackElo "2558"]
[WhiteTeam "RUS"]
[BlackTeam "FIDE"]
[WhiteFideId "44105681"]
[BlackFideId "12940690"]
[EventDate "2020.04.18"]
[EventType "team (rapid)"]

1. d4 Nf6 2. c4 e6 3. Nf3 d5 4. Nc3 dxc4 5. e4 b5 6. e5 Nd5 7. Nxb5 Nb6 8. Be2
Be7 9. Be3 Nc6 10. a3 Bb7 11. Nc3 Na5 12. Qa4+ Nxa4 0-1

[Event "Candidates FED U16 Online"]
[Site "chess.com INT"]
[Date "2020.04.18"]
[Round "3.1"]
[Board "4"]
[White "Assaubayeva, Bibisara"]
[Black "Garifullina, Leya"]
[Result "1-0"]
[WhiteTitle "FM"]
[BlackTitle "WGM"]
[WhiteElo "2364"]
[BlackElo "2357"]
[WhiteTeam "FIDE"]
[BlackTeam "RUS"]
[WhiteFideId "13708694"]
[BlackFideId "34127035"]
[EventDate "2020.04.18"]
[EventType "team (rapid)"]

1. d4 Nf6 2. c4 e6 3. Nf3 b6 4. g3 Bb7 5. Bg2 Bb4+ 6. Bd2 Be7 7. Nc3 c6 8. Bf4
O-O 9. O-O d5 10. Nd2 Nh5 11. Be5 Nd7 12. e4 Nxe5 13. dxe5 d4 14. Ne2 g6 15. Nc1
d3 16. Qb3 Qd7 17. Rd1 Rad8 18. Nf1 Qd4 19. Nxd3 c5 20. g4 Ng7 21. Ng3 Ba6 22.
Rac1 Bg5 23. Ne2 Qd7 24. f4 Be7 25. g5 Qc6 26. Nf2 Nh5 27. Ng4 b5 28. Qf3 b4 29.
b3 Bb7 30. Ng3 Ng7 31. Nf6+ Bxf6 32. gxf6 Nf5 33. exf5 Qxf3 34. Bxf3 Bxf3 35.
Rxd8 Rxd8 36. fxe6 fxe6 37. Kf2 Bc6 38. Ke3 Kf7 39. h4 Rd4 40. h5 gxh5 41. Nxh5
Re4+ 42. Kf2 Kg6 43. Ng3 Rxf4+ 44. Ke2 Rg4 45. Rg1 Rg5 46. Kf2 Rxe5 47. Ne4+ Kh6
48. Rh1+ Kg6 49. Rg1+ Kh6 50. Nd6 Be8 51. Nxe8 Rf5+ 52. Ke3 Kh5 53. Ng7+ Kh6 54.
Nxf5+ exf5 55. f7 f4+ 56. Kxf4 Kh5 57. f8=Q 1-0

[Event "Candidates FED U16 Online"]
[Site "chess.com INT"]
[Date "2020.04.18"]
[Round "3.1"]
[Board "5"]
[White "Nur-Mukhametova, Alisa"]
[Black "Hernandez Gil, Ineymig"]
[Result "1/2-1/2"]
[BlackTitle "WFM"]
[WhiteElo "2262"]
[BlackElo "2348"]
[WhiteTeam "RUS"]
[BlackTeam "FIDE"]
[WhiteFideId "54117739"]
[BlackFideId "3526216"]
[EventDate "2020.04.18"]
[EventType "team (rapid)"]

1. Nf3 d5 2. c4 c6 3. g3 Nf6 4. Bg2 Bg4 5. O-O e6 6. d4 Nbd7 7. Nbd2 Be7 8. b3
O-O 9. Bb2 dxc4 10. Nxc4 c5 11. Nfe5 Nxe5 12. Nxe5 Qb6 13. Nxg4 Nxg4 14. e3 Nf6
15. dxc5 Bxc5 16. Bxf6 gxf6 17. Qg4+ Kh8 18. Qf3 f5 19. Qxb7 Qxb7 20. Bxb7 Rab8
21. Bf3 Rfd8 22. Rfd1 Kg7 23. Kf1 Kf6 24. Ke2 Ke7 25. Rac1 Bb6 26. h4 Rxd1 27.
Rxd1 Rd8 28. Rc1 Ba5 29. Rc2 h6 30. a3 Rd7 31. b4 Bb6 32. a4 Rc7 33. Rxc7+ Bxc7
34. Kd3 Kd6 35. Kc4 a5 36. Kb5 axb4 37. Kxb4 Bb6 38. a5 Ba7 39. Kb5 Kc7 40. g4
fxg4 41. Bxg4 e5 42. Bf5 f6 43. Be4 Kb8 44. Kc6 Kc8 45. Kd6 Bb8+ 46. Ke6 Bc7 47.
a6 Bd8 48. h5 Kb8 49. Kd7 Bb6 50. Ke7 Ka7 51. Kxf6 Kxa6 52. Kxe5 Kb5 53. Kf5 Kc5
54. Kg6 Ba5 55. Bf5 Be1 56. Kxh6 Bxf2 57. e4 Kd6 58. Kg7 Bd4+ 59. Kg8 Be3 60.
Kg7 Bd4+ 61. Kg6 Ke7 62. h6 Be5 63. h7 Kf8 64. Bg4 Bd4 65. Bf3 Bc3 66. Be2 Bd4
67. Bc4 Bc3 68. Bg8 Bb2 69. Kf5 Bc3 70. e5 Kg7 71. Ke6 Bxe5 72. Kxe5 Kh8 73. Kf6 1/2-1/2

[Event "Candidates FED U16 Online"]
[Site "chess.com INT"]
[Date "2020.04.18"]
[Round "3.2"]
[Board "1"]
[White "Maurizzi, Marc Andria"]
[Black "Huang, Renjie"]
[Result "0-1"]
[WhiteTitle "IM"]
[WhiteElo "2433"]
[BlackElo "2422"]
[WhiteTeam "FRA"]
[BlackTeam "CHN"]
[WhiteFideId "36083534"]
[BlackFideId "8610134"]
[EventDate "2020.04.18"]
[EventType "team (rapid)"]

1. e4 c5 2. Nf3 Nc6 3. Nc3 g6 4. Bb5 Bg7 5. O-O Nf6 6. e5 Ng4 7. Bxc6 bxc6 8.
Re1 O-O 9. d3 f6 10. exf6 Nxf6 11. Bg5 d6 12. h3 e5 13. Qd2 Rb8 14. b3 Qc7 15.
Bxf6 Bxf6 16. Qe3 Bg7 17. Ne4 Bf5 18. Rad1 Rbd8 19. c3 Qa5 20. d4 exd4 21. cxd4
Rde8 22. Qd3 Rxe4 23. Rxe4 d5 0-1

[Event "Candidates FED U16 Online"]
[Site "chess.com INT"]
[Date "2020.04.18"]
[Round "3.2"]
[Board "2"]
[White "Zhu, Hengyi"]
[Black "Razafindratsima, Timothe"]
[Result "1-0"]
[BlackTitle "FM"]
[WhiteElo "2202"]
[BlackElo "2336"]
[WhiteTeam "CHN"]
[BlackTeam "FRA"]
[WhiteFideId "8611211"]
[BlackFideId "36069884"]
[EventDate "2020.04.18"]
[EventType "team (rapid)"]

1. e4 c5 2. Nf3 d6 3. Bb5+ Nd7 4. O-O a6 5. Bd3 Ngf6 6. c3 e6 7. Bc2 Be7 8. d4
b5 9. a4 Bb7 10. Qe2 Qb6 11. axb5 axb5 12. Rxa8+ Bxa8 13. Na3 Bc6 14. Bg5 h6 15.
d5 hxg5 16. dxc6 Qxc6 17. Nxg5 Nh5 18. Nf3 Nf4 19. Qxb5 Qxb5 20. Nxb5 O-O 21.
Rd1 Rb8 22. c4 d5 23. g3 Ng6 24. exd5 exd5 25. Bxg6 fxg6 26. Rxd5 Nb6 27. Re5
Nxc4 28. Rxe7 Rxb5 29. Ng5 Kf8 30. Rf7+ Ke8 31. Rxg7 Nxb2 32. Ne6 Ra5 33. Rxg6
c4 34. Rg7 Re5 35. Nf4 Kd8 36. Rg6 Kd7 37. Rg7+ Kd6 38. Rg8 Kd7 39. Rg7+ Kc6 40.
Rg8 Kc7 41. Rg7+ Kb8 42. Rg6 Kb7 43. Rg7+ Kb6 44. Rg8 Kc5 45. Rc8+ Kb4 46. h4 c3
47. h5 Kb3 48. h6 Re7 49. Rxc3+ Kxc3 50. Nd5+ 1-0